000 00646nam a2200217Ii 4500
001 11722
003 CO-ViMGA
008 241108s9999||||xx |||||||||||||| ||und||
020 _a8420008605
040 _aCO-ViMGA
_bspa
_erda
_cCO-ViMGA
041 0 _aspa
082 0 4 _a591.332 C636
100 1 _aSalvador Climent Peris
_951991
245 1 0 _aManual de Anatomía y Embriología de los Animales Domésticos
264 1 _aMadrid, España : Acribia, 1998
300 _avolumen
336 _atext
_btxt
_2rdacontent
337 _aunmediated
_bn
_2rdamedia
338 _avolume
_bnc
_2rdacarrier
940 _aidficha_siabuc: 11446. -- ficha_no_siabuc:11722
999 _c46757
_d46757